000 00301nam a22001337a 4500
008 170817b xxu||||| |||| 00| 0 eng d
020 _a9780321641878
041 _aeng
080 _23 ED
_a311
100 _a36
101 _aMAT
245 _aFUNDAMENTALS STATISTICS
_cSULLIVAN.M
942 _2udc
_cBK
999 _c23960
_d23960